| 000 | 00542nmm a2200169Ia 4500 | ||
|---|---|---|---|
| 008 | 251105s9999||||xx |||||||||||||||||und|| | ||
| 020 | _a9789876990899 | ||
| 041 | _aspa | ||
| 100 | _aVagliente, Pablo | ||
| 245 | 0 | _aAsociativa, movilizada, violenta : La vida pública en Córdoba, 1850-1930. Tomo I | |
| 264 |
_a[Buenos Aires, Argentina] : _bEduvim, _c2015 |
||
| 300 | _a286 páginas | ||
| 490 | _aPoliedros | ||
| 650 | _aHistory of the Americas: Latin America | ||
| 856 | _uhttps://public.digitaliapublishing.com/a/41004 | ||
| 942 | _cCF | ||
| 999 |
_c97578 _d97578 |
||